Teória účtovníctva učebný text

Salvato in:
Dettagli Bibliografici
Autore principale: Pakšiová, Renáta, 1974-
Ente Autore: Ekonomická univerzita v Bratislave. Fakulta hospodárskej informatiky
Altri autori: Šlosárová, Anna, Rajčániová, Dana
Natura: Libro
Lingua:slovacco
Pubblicazione: Bratislava Vydavateľstvo EKONÓM 2011
Soggetti:
Tags: Aggiungi Tag
Nessun Tag, puoi essere il primo ad aggiungerne!!

MARC

LEADER 00000nam a2200000 4500
001 0124814
005 20240502072421.1
020 |a 978-80-225-3128-3 
041 0 |a slo 
044 |a SK 
245 1 0 |a Teória účtovníctva  |b učebný text  |c Renáta Pakšiová 
264 1 |a Bratislava  |b Vydavateľstvo EKONÓM  |c 2011 
300 |a 122 s. [6,869 AH] 
610 2 0 |a účtovníctvo 
610 2 0 |a teórie ekonomické 
610 2 0 |a oceňovanie 
610 2 0 |a bilancie 
610 2 0 |a teória účtovníctva 
610 2 0 |a účty 
100 1 |a Pakšiová, Renáta, 1974- 
700 1 |a Šlosárová, Anna 
700 1 |a Rajčániová, Dana 
710 2 |a Ekonomická univerzita v Bratislave. Fakulta hospodárskej informatiky